LEADER 01746nam a2200337 i 4500 001 000000259127 003 CaOOAMICUS 005 20210427145222.0 008 180704s2018 gw m u000 u ger u 013 $a238035 020 $a978-3-11-059499-7 040 $aSeMil$bita 041 $ager 100 1 $aZiethe, Carolin <1985- >.$0(OLS)http://semarc/name/95049 245 10$aAuf seinen Namen werden die Völker hoffen :$bdie matthäische Rezeption der Schriften Israels zur Begründung des universalen Heils /$cCarolin Ziethe. 260 $aBerlin ; Boston :$bDe Gruyter,$c2018. 300 $aXIII, 479 p. ;$c24 cm. 490 1 $aBeihefte zur Zeitschrift für die neutestamentliche Wissenschaft ;$v233 502 $aTesto rivisto della tesi, Ruprecht-Karls-Universität Heidelberg, 2017 504 $aBibliografia, p. [381]-444 650 4$aBibbia - NT - Matteo - [Relazione con] AT.$0(OLS)http://semarc/subject/25409 650 4$aBibbia - Salvezza - AT e NT.$0(OLS)http://semarc/subject/39275 650 4$aBibbia - NT - Matteo - Salvezza.$0(OLS)http://semarc/subject/47227 830 0$aBeihefte zur Zeitschrift für die neutestamentliche Wissenschaft ;$v233.$0(OLS)http://semarc/title/420948 850 $aSeMil 852 $aSeMil$W1$xVenegono$y1$m2XA R 233$j209472$B209472$CSeMilBibl$Z2$F223131 $81 961 $aSottoscrizione: De Gruyter 996 $6020$a978-3-11-059499-7$9(OLS)http://semarc/number/284729 996 $6245$aAuf seinen Namen werden die Völker hoffen :$bdie matthäische Rezeption der Schriften Israels zur Begründung des universalen Heils$9(OLS)http://semarc/title/413954 996 $6260$aBerlin ; Boston :$bDe Gruyter$9(OLS)http://semarc/publisher/36449 LEADER 00860nam a2200181 i 4500 001 000000235735 003 CaOOAMICUS 005 20141113000000.0 008 141113s1816 it u000 u ita u 013 $a214639 026 $ai-,e noa, a-to (1di (3) 1816 (A) 040 $aSeMil$bita 245 10$aTomo 2. 300 $aXL, 318, [2] p., III carte di tav. :$bill. calcogr. 773 0 $aRoscoe, William <1753-1831>$tVita e pontificato di Leone 10. di Guglielmo Roscoe autore della vita di Lorenzo de' Medici tradotta e corredata di annotazioni e di alcuni documenti inediti dal conte cav. Luigi Bossi milanese ... Tomo 1. [-12.].$dMilano : Dalla Tipografia Sonzogno e Compagni, 1816-1817.$g2$w()30957 850 $aSeMil 852 $aSeMil$W1$xVenegono$y1$m3B III 80 FA$j186081$B186081$CSeMilBibl$Z2$F196945 $8I 996 $6245$aTomo 2$9(OLS)http://semarc/title/49331